Guess The Brand Logo - Statistics

General Stats
  • This quiz has been taken 1,291 times
  • The average score is 7 of 20
Answer Stats
Picture Answer % Correct
McDonalds
98%
Starbucks
98%
Nike
82%
Chick-Fil-A
81%
Chipotle
65%
Monopoly
65%
Netflix
50%
Roblox
36%
Kodak
29%
ING
27%
Razer
23%
United Nation
22%
Panera Bread
17%
TJMaxx
11%
THX
9%
AMD
8%
SCJohnson
8%
Among Us
3%
Tetris
2%
YouTube Shorts
2%
No matching quizzes found
Score Distribution
Percent of People with Each Score
Percentile by Number Answered
Your Score History
You have not taken this quiz